Largest settlements in Wiltshire, UK - Statistics

General Stats
  • This quiz has been taken 167 times
    47 since last reset
  • The average score is 7 of 12
Answer Stats
Placename % Correct
Swindon
93%
Salisbury
88%
Trowbridge
83%
Chippenham
80%
Devizes
78%
Warminster
65%
Melksham
60%
Westbury
55%
Calne
45%
Corsham
45%
Amesbury
30%
Royal Wootton Bassett
25%
No matching quizzes found
Score Distribution
Percent of People with Each Score
Percentile by Number Answered
Your Score History
You have not taken this quiz since the last reset